| 000 -CABECERA |
| fixed length control field |
04163nam a22003617a 4500 |
| 003 - IDENTIFICADOR DEL NÚMERO DE CONTROL |
| control field |
AR-CdUCM |
| 008 - DATOS DE LONGITUD FIJA--INFORMACIÓN GENERAL |
| fixed length control field |
190425b ||||| |||| 00| 0 spa d |
| 040 ## - FUENTE DE LA CATALOGACIÓN |
| Agencia/entidad que catalogó originalmente la obra |
MUNICIPALIDAD PROVINCIAL DEL CUSCO |
| Entidad que transcribió la catalogación |
BIBLIOTECA MUNICIPAL DEL CUSCO |
| 082 ## - NÚMERO DE LA CLASIFICACIÓN DECIMAL DEWEY |
| No. de Clasificación |
Rev.IAAC/N°7/1954 |
| 110 ## - ENTRADA PRINCIPAL--NOMBRE DE ENTIDAD CORPORATIVA |
| Nombre de la institución, jurisdicción como entrada principal |
Instituto Americano de Arte del Cuzco |
| 9 (RLIN) |
43770 |
| 245 ## - MENCIÓN DE TÍTULO |
| Título |
Revista del Instituto Americano de Arte / |
| 260 ## - PUBLICACIÓN, DISTRIBUCIÓN, ETC. |
| Lugar de publicación, distribución, etc. |
Cusco : |
| Nombre de la editorial, distribuidor, etc. |
H.G. Rozas, |
| Fecha de publicación, distribución, etc. |
1952. |
| 300 ## - DESCRIPCIÓN FÍSICA |
| Nº de Páginas Extensión |
380 [6] páginas. : |
| Otros detalles físicos |
ilustraciones, laminas ; |
| Dimensiones |
24 cm. |
| 440 ## - MENCIÓN DE SERIE/PUNTO DE ACCESO ADICIONAL--TÍTULO |
| Título |
Revista del Instituto Americano de Arte Cuzco. |
| Número de la parte/sección de una obra |
Año VII, [?] semestre de 1954, N°7. Vol.II |
| 9 (RLIN) |
46124 |
| 505 ## - NOTA DE CONTENIDO CON FORMATO |
| Nota de contenido formateada |
Contenido: La intangibilidad de las toponimias aborígenes. M. B. Farfán. -- Significado del Cuzco. Mario Escobar Moscoso. -- El problema de la renovación educacional y la educación experimental. José Portugal. -- Educación fundamental. Víctor Manuel Moreno Morales. -- Las clases sociales en el imperio incaico. Hermann Trimborn. -- La angustia el existencialismo y América Latina. Fernando Manrique. -- El Santuario de Nuestra Señora de Cocharcas. Julio G. Gutiérrez. -- Arte Franciscano en el Perú. Harold E. Wethey. -- La Catedral de Cajamarca. Horacio Villanueva Urteaga. -- La incanidad del Ollantay. Alfredo Yépez Miranda. -- Dos mujeres pasionales. Margarita Mendizábal. -- Oblación a tres amigos muertos. Carlos Gregorio Taborga. -- Cesar vallejo. Roman Saavedra. -- Pórtico. Eustaquio Kallata. -- Jardín Opalescente. Alberto Delgado Díaz. -- Tríptico Calca Urubamba y Paucartambo. Luis Felipe Paredes. -- Estampas del Cuzco el ultimo altar y semblanza del Corpus. Pancho Fierro. -- Los Ayarachis de Paratía. Amadeo Landaeta Basadre. -- El ultimo de los Huarancca. Carlos Valer Portocarrero. -- La planchadora. Mario Alberto Gilt Contreras. -- El seudónimo. Cuadros y Villena. -- El ultimo Likichiri y la leyenda de la taruka. Mario Franco Inojoza. -- Asiru Patjjata leyenda Aymara. Alberto Cuentas. -- Saantia la hija de Huiracocha. José Portugal. -- Las aves que engañaron a Dios. Efraín Morote Best. -- El novenante. Lizandro Luna. -- Horizontes roturados. Eustaquio Kallata. -- Los cuatreros. Héctor Cano Torres. -- Perú Suyoq Qollanan Himno nacional. -- Salutación al libertador Simón Bolívar. José Domingo Choquehuanca. -- La agonía de los cristales poesía. Arturo Castro. -- Escuela de labriegos y ángeles poemas para el hombre, otro vivir, de una teoría sobre los ángeles. Gustavo Pérez Ocampo. -- 5 poemas. Dante Nava. -- La phasña Julicha. Aurelio Martínez Escobar. -- Nostalgia y otras poesías. Julio Enríquez Torres. -- Poema de la madre muerta. Alberto Cuentas. -- Ideólogo de la peruanidad Francisco García Calderón. Luis Felipe Paredes. -- A propósito de la Antología de las letras puneñas. Fernando Manrique. -- Pintura contemporánea cuzqueña. Mariano Fuentes Lira. Rigoberto Villaroel Claure. -- Valores musicales del Cuzco Baltazar Zegarra. Ernesto Corvacho. -- La ciudad y el campo el problema indígena. Héctor Isaías Loayza Guerra. -- Linguistica nacional sobre el alfabeto Qheswa. J.M.B. Farfán. -- Academia de las lenguas nativas. Fernando Manrique. -- Notículas incubadora de generaciones cuasi julepe. E. Kallata. -- El arte en el imperio de los Incas por Heinrich Ubbelohde Doering. Manuel Chávez Ballón. -- Pequeños ensayos por Luis Felipe Paredes. Carlos Gregorio Taborga. -- Página Musical. Recuerdos del Cuzco música de Baltazar Zegarra y letra de Luis Nieto. |
| 650 ## - PUNTO DE ACCESO ADICIONAL DE MATERIA--TÉRMINO DE MATERIA |
| Descriptor |
Tradiciones cusqueñas |
| 9 (RLIN) |
31110 |
| 650 ## - PUNTO DE ACCESO ADICIONAL DE MATERIA--TÉRMINO DE MATERIA |
| Descriptor |
Fiestas populares |
| 9 (RLIN) |
34730 |
| 650 ## - PUNTO DE ACCESO ADICIONAL DE MATERIA--TÉRMINO DE MATERIA |
| Descriptor |
Folcklore |
| 9 (RLIN) |
46108 |
| 650 ## - PUNTO DE ACCESO ADICIONAL DE MATERIA--TÉRMINO DE MATERIA |
| Descriptor |
Literatura cusqueña |
| 9 (RLIN) |
46110 |
| 650 ## - PUNTO DE ACCESO ADICIONAL DE MATERIA--TÉRMINO DE MATERIA |
| Descriptor |
Poetas cusqueños |
| 9 (RLIN) |
5956 |
| 650 ## - PUNTO DE ACCESO ADICIONAL DE MATERIA--TÉRMINO DE MATERIA |
| Descriptor |
Arte cusqueño |
| 9 (RLIN) |
13165 |
| 650 ## - PUNTO DE ACCESO ADICIONAL DE MATERIA--TÉRMINO DE MATERIA |
| Descriptor |
Qorikancha |
| 9 (RLIN) |
30993 |
| 700 ## - PUNTO DE ACCESO ADICIONAL--NOMBRE DE PERSONA |
| Nombre Personal |
Gutiérrez Loayza, Julio |
| 9 (RLIN) |
46116 |
| 700 ## - PUNTO DE ACCESO ADICIONAL--NOMBRE DE PERSONA |
| Nombre Personal |
Escobar Moscoso, Mario |
| 9 (RLIN) |
31091 |
| 700 ## - PUNTO DE ACCESO ADICIONAL--NOMBRE DE PERSONA |
| Nombre Personal |
Chávez Ballón, Manuel |
| 9 (RLIN) |
45977 |
| 700 ## - PUNTO DE ACCESO ADICIONAL--NOMBRE DE PERSONA |
| Nombre Personal |
Pérez Ocampo, Gustavo |
| 9 (RLIN) |
46123 |
| 700 ## - PUNTO DE ACCESO ADICIONAL--NOMBRE DE PERSONA |
| Nombre Personal |
Villanueva Urtega, Horacio |
| 9 (RLIN) |
46125 |
| 700 ## - PUNTO DE ACCESO ADICIONAL--NOMBRE DE PERSONA |
| Nombre Personal |
Yépez Miranda, Alfredo |
| 9 (RLIN) |
4230 |
| 700 ## - PUNTO DE ACCESO ADICIONAL--NOMBRE DE PERSONA |
| Nombre Personal |
Landaeta Basadre, Amadeo |
| 9 (RLIN) |
46126 |
| 700 ## - PUNTO DE ACCESO ADICIONAL--NOMBRE DE PERSONA |
| Nombre Personal |
Morote Best, Efraín |
| 9 (RLIN) |
46127 |
| 942 ## - ELEMENTOS DE PUNTO DE ACCESO ADICIONAL (KOHA) |
| Fuente de clasificación |
|
| Tipo de item |
Revistas cusqueñas |
| 945 ## - PROCESAMIENTO DE INFORMACIÓN LOCAL (OCLC) |
| Catalogador |
rac |